Normal view
MARC view
Entry Personal Name
001 - CONTROL NUMBER
- control field: 53577
003 - CONTROL NUMBER IDENTIFIER
- control field: dpl
005 - DATE AND TIME OF LATEST TRANSACTION
- control field: 20121109103755.0
008 - FIXED-LENGTH DATA ELEMENTS
- fixed length control field: 121109|||a|||||| | ||| d
040 ## - CATALOGING SOURCE
- Original cataloging agency: dpl
- Transcribing agency: dpl
100 ## - HEADING--PERSONAL NAME
- Personal name: Shrinivasan, Mini
670 ## - SOURCE DATA FOUND
- Source citation: Work cat.: (dpl)62231: Shrinivasan, Mini, Just a train ride away /, 2011
670 ## - SOURCE DATA FOUND
- Source citation: Work cat.: (dpl)62231: Shrinivasan, Mini, Just a train ride away /, 2011
